000 nam a22 a 4500
999 _c3267
_d3267
005 20170522100517.0
008 170522b1996 io ||||| |||| 00| 0 ind d
020 _a9796633221
040 _aAKMAL
082 0 4 _a658.401 CRA
090 _a658.4012
_bCRA
100 _aCraig, James C
_96672
245 _aThe Fast-Track MBA Series
_bStrategic Management (Manajemen Strategi)
_cAlih Bahasa: Sularno Tjiptowardojo
260 _aJakarta
_bPT Elex Media Komputindo
_c1996
300 _a180ms
_c23cm
942 _2ddc
_cBOOK